Louis Tomlinson Discography - Statistics

General Stats
  • This quiz has been taken 432 times
  • The average score is 13 of 15
Answer Stats
Year Album Other Artists % Correct
2020 Walls
97%
2020 Walls
97%
2011 Up All Night
95%
2014 Four
94%
2015 Made In The A.M
94%
2013 Midnight Memories
94%
2012 Take Me Home
93%
2017 Back To You Bebe Rexha, Digital Farm Animals
90%
2016 Just Hold On Steve Aoki
87%
2017 Miss You
82%
2017 Just Like You
79%
2019 Two of Us
72%
2019 Kill My Mind
66%
2019 We Made It
62%
2019 Don't Let It Break Your Heart
60%
No matching quizzes found
Score Distribution
Percent of People with Each Score
Percentile by Number Answered
Your Score History
You have not taken this quiz